• 首页
  • 本馆介绍
  • 公告通知
  • 最新文献
  • 馆藏检索
  • 电子资源
  • 读者导购
  • 参考咨询
  • 我的图书馆
  • 登录
  • 详细信息显示
  • 放入我的书架
  • 预约/预借图书
  • 作者相关作品
  • 分类相关作品
  • 丛书相关作品
  • 出版社相关作品

书目信息

  • 表格格式
  • 工作单格式
  • 卡片格式
题名:
奇器图说(一)
    
 
作者: (明)邓玉函 撰
分册:  
出版信息: 北京   中国书店  2018.08
页数: 304页
开本: 27cm
丛书名:
单 册:
中图分类: O3-64 , TU6-64
科图分类:
主题词: 力学--图解 , 工程机械--图解
电子资源:
ISBN: 978-7-5149-2075-8
000 01012nam0 2200241 450
001 5134
005 20181014110746.86
010    @a978-7-5149-2075-8@dCNY136.00
100    @a20180429d2018 em y0chiy0110 ea
101 0  @achi
102    @aCN@b110000
105    @ay z 000yy
200 1  @a奇器图说(一)@Aqi qi tu shuo(yi)@9qi qi tu shuo@f(明)邓玉函撰
210    @a北京@c中国书店@d2018.08
215    @a304页@d27cm
330    @a《奇器图说》三卷、《诸器图说》一卷,明西洋人邓玉函、明王徵撰。大旨谓天地生物,有数,有度,有重。数为算法,度为测量,重则即此力艺之学,皆相资而成,故先论重之本体,以明立法之所以然,凡六十一条。次论各色器具之法,凡九十二条。次起重十一图,引重四图,转重二图,取水九图,转磨十五图,解木四图,解石、转碓、书架、水日晷、代耕各一图,水铳四图,图皆有说,而於农器水法尤为详备。
606 0  @a力学@x图解
606 0  @a工程机械@x图解
690    @aO3-64@v5
690    @aTU6-64@v5
701  0 @a(明)邓玉函@9( ming ) deng yu han@4撰
801  0 @aCN@b91CIP@c20180429
905    @aMuseLib@dO3-64@e83
    
    奇器图说(一)/(明)邓玉函撰.-北京:中国书店,2018.08
    304页;27cm
    
    
    ISBN 978-7-5149-2075-8:CNY136.00
    《奇器图说》三卷、《诸器图说》一卷,明西洋人邓玉函、明王徵撰。大旨谓天地生物,有数,有度,有重。数为算法,度为测量,重则即此力艺之学,皆相资而成,故先论重之本体,以明立法之所以然,凡六十一条。次论各色器具之法,凡九十二条。次起重十一图,引重四图,转重二图,取水九图,转磨十五图,解木四图,解石、转碓、书架、水日晷、代耕各一图,水铳四图,图皆有说,而於农器水法尤为详备。
●
相关链接 在E读中查询图书 在五车中查询图书 在当当中查询图书 在豆瓣中查询图书


正题名:奇器图说(一)     索取号:O3-64/83         预约/预借

序号 登录号 条形码 馆藏地/架位号 状态 备注
1 1128281   211282814   第二样本阅览室/ [索取号:O3-64/83] 在馆    
2 1128282   211282823   密集书库-物理学院/ [索取号:O3-64/83] 在馆    
3 1128283   211282832   第三借阅区/ [索取号:O3-64/83] 在馆    
唐山师范学院图书馆 欢迎您!
大连网信软件有限公司© 版权所有